[Event "19th Lviv Tradition 2018"]
[Site "Lviv"]
[Date "2018.01.23"]
[Round "3"]
[White "Mosesov, Danylo"]
[Black "Molchanov, Oleksii"]
[Result "1/2-1/2"]
[WhiteElo "2294"]
[BlackElo "2329"]
[Annotator "NA"]
[PlyCount "60"]
[EventDate "2018.??.??"]
[EventType "tourn"]
[EventCountry "UKR"]
[SourceTitle "playchess.com"]
[Source "ChessBase"]
[SourceQuality "1"]
[TimeControl "5400+30"]

1. e4 {[%emt 0:00:00]} c6 {[%emt 0:02:30]} 2. Ne2 {[%emt 0:00:00]} d5 {[%emt 0:01:19]} 3. e5 {[%emt 0:00:04]} c5 {[%emt 0:01:52]} 4. c3 {[%emt 0:01:24]} Bf5 {[%emt 0:09:38]} 5. d4 {[%emt 0:00:15]} Nc6 $11 {[%emt 0:00:48] LiveBook: 61 Games} 6. Ng3 {[%emt 0:04:20]} Bxb1 {[%emt 0:03:25]} 7. Rxb1 {[%emt 0:00:04]} cxd4 {[%emt 0:00:20]} 8. cxd4 {[%emt 0:00:04]} e6 {[%emt 0:00:09]} 9. a3 {[%emt 0:01:26]} g6 {[%emt 0:04:49]} 10. h4 {[%emt 0:02:19]} h5 {[%emt 0:00:24]} 11. Bg5 {[%emt 0:02:30]} Qa5+ {[%emt 0:04:23]} 12. Bd2 {[%emt 0:00:19]} Qb6 {[%emt 0:00:32]} 13. Bc3 {[%emt 0:00:50]} Be7 {[%emt 0:00:05]} 14. Bd3 {[%emt 0:07:22]} Rc8 {[%emt 0:03:36]} 15. Ne2 {[%emt 0:01:31]} Nh6 {[%emt 0:00:37]} 16. Qd2 {[%emt 0:03:53]} Nf5 {[%emt 0:01:44]} 17. Bxf5 {[%emt 0:00:22]} gxf5 {[%emt 0:00:42]} 18. Rd1 {[%emt 0:00:05]} Kd7 {[%emt 0:04:58]} 19. Nf4 {[%emt 0:01:12]} Rcg8 {[%emt 0:02:29]} 20. g3 {[%emt 0:06:57]} Qb3 {[%emt 0:00:58]} 21. Kf1 {[%emt 0:03:40]} Rg4 {[%emt 0:00:53]} 22. Kg2 {[%emt 0:00:54]} a6 {[%emt 0:10:01]} 23. Rc1 {[%emt 0:02:16]} Rgg8 {[%emt 0:01:20]} 24. Qe2 {[%emt 0:01:31]} Rg4 {[%emt 0:02:33]} 25. Qd2 {[%emt 0:00:05]} Rgg8 {[%emt 0:00:48]} 26. Qe2 {[%emt 0:00:04]} Rg4 {[%emt 0:00:07]} 27. Qd2 {[%emt 0:00:02]} Rgg8 {[%emt 0:00:30]} 28. Qe2 {[%emt 0:00:04]} Rg4 {[%emt 0:00:05]} 29. Qd2 {[%emt 0:00:02]} Rgg8 {[%emt 0:00:14]} 30. Qe2 {[%emt 0:00:03]} Rg4 1/2-1/2

[Event "19th Lviv Tradition 2018"]
[Site "Lviv"]
[Date "2018.01.23"]
[Round "3"]
[White "Kyrychenko, Maryan"]
[Black "Sevostianov, Pavel"]
[Result "1-0"]
[WhiteElo "2254"]
[BlackElo "2266"]
[Annotator "NA"]
[PlyCount "81"]
[EventDate "2018.??.??"]
[EventType "tourn"]
[EventCountry "UKR"]
[SourceTitle "playchess.com"]
[Source "ChessBase"]
[SourceQuality "1"]
[TimeControl "5400+30"]

1. e4 {[%emt 0:00:00]} Nc6 {[%emt 0:03:29]} 2. Nf3 {[%emt 0:00:00]} d6 {[%emt 0:00:20]} 3. d4 {[%emt 0:00:00]} Nf6 {[%emt 0:00:05]} 4. Nc3 {[%emt 0:00:22]} Bg4 {[%emt 0:00:48]} 5. Be3 {[%emt 0:00:57]} e6 {[%emt 0:00:28]} 6. h3 {[%emt 0:00:55]} Bh5 {[%emt 0:00:09]} 7. Be2 {[%emt 0:01:31]} Be7 {[%emt 0:01:08]} 8. O-O {[%emt 0:00:18]} O-O {[%emt 0:00:14] LiveBook: 18 Games} 9. Nd2 {[%emt 0:03:09]} Bxe2 {[%emt 0:02:02]} 10. Qxe2 {[%emt 0:00:17]} d5 $14 {[%emt 0:01:29]} 11. e5 {[%emt 0:02:14]} Nd7 {[%emt 0:00:09]} 12. Qg4 {[%emt 0:02:36]} Kh8 {[%emt 0:06:05]} 13. f4 {[%emt 0:02:55]} f5 {[%emt 0:00:18]} 14. exf6 {[%emt 0:01:04]} Nxf6 {[%emt 0:04:35]} 15. Qe2 {[%emt 0:01:46]} Bb4 {[%emt 0:02:14]} 16. Nf3 {[%emt 0:06:59]} Bxc3 {[%emt 0:00:42]} 17. bxc3 {[%emt 0:00:13]} Ne4 {[%emt 0:00:13]} 18. Qd3 {[%emt 0:00:09]} Qd6 {[%emt 0:05:58]} 19. c4 {[%emt 0:03:26]} Nb4 {[%emt 0:07:21]} 20. Qd1 {[%emt 0:22:40]} dxc4 {[%emt 0:02:42]} 21. Ne5 {[%emt 0:01:06]} Nd5 {[%emt 0:01:32]} 22. Qf3 {[%emt 0:03:15]} Nef6 {[%emt 0:04:20]} 23. Nxc4 {[%emt 0:04:34]} Qc6 {[%emt 0:00:32]} 24. Qe2 {[%emt 0:00:17]} Nxe3 {[%emt 0:02:23]} 25. Nxe3 {[%emt 0:00:06]} Qe4 {[%emt 0:01:00]} 26. Qd2 {[%emt 0:05:35]} Rad8 {[%emt 0:01:07]} 27. c3 {[%emt 0:01:27]} c5 {[%emt 0:00:58]} 28. Rad1 {[%emt 0:00:35]} cxd4 {[%emt 0:00:21]} 29. cxd4 {[%emt 0:00:01]} Nh5 {[%emt 0:03:26]} 30. Ng4 {[%emt 0:00:51]} Rxf4 {[%emt 0:09:27]} 31. Rfe1 {[%emt 0:01:45]} Qg6 {[%emt 0:02:23]} 32. Qa5 {[%emt 0:01:51]} Rdf8 {[%emt 0:05:01]} 33. Qxa7 {[%emt 0:00:38]} Ng3 {[%emt 0:01:04]} 34. Qa3 {[%emt 0:06:30]} h5 {[%emt 0:06:17]} 35. Ne5 {[%emt 0:01:09]} Qg5 {[%emt 0:00:40]} 36. h4 {[%emt 0:02:15]} Rxh4 {[%emt 0:11:46]} 37. Qxf8+ {[%emt 0:00:07]} Kh7 {[%emt 0:00:04]} 38. Nf3 {[%emt 0:00:12]} Rh1+ {[%emt 0:00:13]} 39. Kf2 {[%emt 0:00:01]} Rf1+ {[%emt 0:00:52]} 40. Rxf1 {[%emt 0:00:20]} Ne4+ {[%emt 0:00:06]} 41. Kg1 {[%emt 0:00:45]} 1-0

[Event "19th Lviv Tradition 2018"]
[Site "Lviv"]
[Date "2018.01.23"]
[Round "3"]
[White "Kagramanianz, Vartan"]
[Black "Bets, Anatolij"]
[Result "1/2-1/2"]
[WhiteElo "2247"]
[BlackElo "2266"]
[Annotator "NA"]
[PlyCount "61"]
[EventDate "2018.??.??"]
[EventType "tourn"]
[EventCountry "UKR"]
[SourceTitle "playchess.com"]
[Source "ChessBase"]
[SourceQuality "1"]
[TimeControl "5400+30"]

1. e4 {[%emt 0:00:00]} e6 {[%emt 0:00:12]} 2. d4 {[%emt 0:00:00]} d5 {[%emt 0:00:35]} 3. exd5 {[%emt 0:01:10]} exd5 {[%emt 0:00:25]} 4. Nf3 {[%emt 0:00:13]} Nf6 {[%emt 0:00:28]} 5. Bd3 {[%emt 0:00:28]} Bd6 {[%emt 0:00:30]} 6. O-O {[%emt 0:00:20]} O-O {[%emt 0:00:20]} 7. Bg5 {[%emt 0:00:13]} Bg4 {[%emt 0:00:58]} 8. Nbd2 {[%emt 0:01:24]} Nbd7 {[%emt 0:00:27]} 9. c3 {[%emt 0:03:09]} c6 $11 {[%emt 0:01:15] LiveBook: 159 Games} 10. Qc2 {[%emt 0:01:23]} Qc7 {[%emt 0:01:15]} 11. Rae1 {[%emt 0:01:24]} Rae8 {[%emt 0:02:57]} 12. h3 {[%emt 0:00:21]} Bh5 {[%emt 0:00:30]} 13. Rxe8 {[%emt 0:02:42]} Rxe8 {[%emt 0:00:04]} 14. Re1 {[%emt 0:00:29]} Rxe1+ {[%emt 0:02:02]} 15. Nxe1 {[%emt 0:00:13]} Bf4 {[%emt 0:01:22]} 16. Bxf4 {[%emt 0:00:45]} Qxf4 {[%emt 0:00:03]} 17. g3 {[%emt 0:01:51]} Qd6 {[%emt 0:01:19]} 18. Nef3 {[%emt 0:01:29]} Bg6 {[%emt 0:00:25]} 19. Kg2 {[%emt 0:01:08]} Bxd3 {[%emt 0:05:43]} 20. Qxd3 {[%emt 0:00:30]} Qe6 {[%emt 0:01:11]} 21. Nf1 {[%emt 0:05:13]} h6 {[%emt 0:03:56]} 22. Qe3 {[%emt 0:01:34]} Qxe3 {[%emt 0:00:15]} 23. Nxe3 {[%emt 0:00:07]} g6 {[%emt 0:00:06]} 24. Kf1 {[%emt 0:00:22]} Kf8 {[%emt 0:00:23]} 25. Ke2 {[%emt 0:00:29]} Ke7 {[%emt 0:00:11]} 26. Nd2 {[%emt 0:02:15]} h5 {[%emt 0:01:45]} 27. h4 {[%emt 0:00:49]} Ke6 {[%emt 0:00:51]} 28. Ng2 {[%emt 0:02:12]} Ne8 {[%emt 0:06:37]} 29. Nf4+ {[%emt 0:00:21]} Kf5 {[%emt 0:00:24]} 30. Nf1 {[%emt 0:00:45]} Nd6 {[%emt 0:00:21]} 31. Ne3+ {[%emt 0:00:29]} 1/2-1/2

[Event "19th Lviv Tradition 2018"]
[Site "Lviv"]
[Date "2018.01.23"]
[Round "3"]
[White "Kryvoruchko, Vita"]
[Black "Bykovskiy, Oleg"]
[Result "0-1"]
[WhiteElo "2192"]
[BlackElo "2197"]
[Annotator "NA"]
[PlyCount "66"]
[EventDate "2018.??.??"]
[EventType "tourn"]
[EventCountry "UKR"]
[SourceTitle "playchess.com"]
[Source "ChessBase"]
[SourceQuality "1"]
[TimeControl "5400+30"]

1. d4 {[%emt 0:00:00]} d6 {[%emt 0:00:05]} 2. c4 {[%emt 0:00:07]} e5 {[%emt 0:00:05]} 3. Nf3 {[%emt 0:08:58]} e4 {[%emt 0:01:05]} 4. Ng5 {[%emt 0:00:10]} f5 {[%emt 0:00:40]} 5. d5 {[%emt 0:04:06]} Be7 {[%emt 0:00:22]} 6. h4 {[%emt 0:00:57]} Nf6 {[%emt 0:00:55]} 7. Nc3 $15 {[%emt 0:00:39]} O-O {[%emt 0:00:47]} 8. e3 {[%emt 0:08:31]} Ng4 {[%emt 0:02:18]} 9. Ne6 {[%emt 0:02:02]} Bxe6 {[%emt 0:00:03]} 10. dxe6 {[%emt 0:00:05]} Ne5 {[%emt 0:02:01]} 11. Nd5 {[%emt 0:11:09]} c6 {[%emt 0:00:38]} 12. Nf4 {[%emt 0:00:04]} Na6 {[%emt 0:00:04]} 13. Bd2 {[%emt 0:01:40]} Rf6 {[%emt 0:05:04]} 14. Bc3 {[%emt 0:01:09]} Rh6 {[%emt 0:00:27]} 15. Qc2 {[%emt 0:09:04]} g5 {[%emt 0:03:01]} 16. O-O-O {[%emt 0:02:04]} Qc8 {[%emt 0:01:25]} 17. Nh3 {[%emt 0:01:06]} Rxh4 {[%emt 0:00:38]} 18. Bxe5 {[%emt 0:00:18]} dxe5 {[%emt 0:00:04]} 19. Rd7 {[%emt 0:01:50]} Qf8 {[%emt 0:03:34]} 20. f3 {[%emt 0:11:47]} Nc5 {[%emt 0:04:00]} 21. Rd1 {[%emt 0:01:21]} g4 {[%emt 0:06:36]} 22. fxg4 {[%emt 0:00:47]} fxg4 {[%emt 0:00:01]} 23. Nf2 {[%emt 0:00:14]} Rxh1 {[%emt 0:00:07]} 24. Nxh1 {[%emt 0:00:05]} Qh6 {[%emt 0:00:02]} 25. Qe2 {[%emt 0:13:32]} Qxe6 {[%emt 0:02:10]} 26. Ng3 {[%emt 0:01:23]} Bh4 {[%emt 0:00:58]} 27. Rd6 {[%emt 0:01:40]} Qxd6 {[%emt 0:02:44]} 28. Qxg4+ {[%emt 0:00:02]} Kh8 {[%emt 0:00:03]} 29. Qxh4 {[%emt 0:00:55]} Rd8 {[%emt 0:00:04]} 30. Qg4 {[%emt 0:06:42]} Qd2+ {[%emt 0:00:15]} 31. Kb1 {[%emt 0:00:01]} Qe1+ {[%emt 0:00:10]} 32. Kc2 {[%emt 0:00:03]} Rd2+ {[%emt 0:00:07]} 33. Kc3 {[%emt 0:00:17]} Re2# {[%emt 0:00:06]} 0-1

[Event "19th Lviv Tradition 2018"]
[Site "Lviv"]
[Date "2018.01.23"]
[Round "3"]
[White "Medvedyk, Volodymyr"]
[Black "Moliboga, V.."]
[Result "1-0"]
[WhiteElo "2116"]
[BlackElo "2310"]
[Annotator "TA"]
[PlyCount "53"]
[EventDate "2018.??.??"]
[EventType "tourn"]
[EventCountry "UKR"]
[SourceTitle "playchess.com"]
[Source "ChessBase"]
[SourceQuality "1"]

{[%evp 15,53,4,12,9,19,9,0,-10,0,10,15,9,18,0,28,25,37,-29,-23,-29,95,82,98,75,287,277,202,62,258,239,435,416,391,400,471,406,816,764,29992,0]} 1. e4 d6 2. d4 Nf6 3. Nc3 g6 4. f4 Bg7 5. Nf3 O-O 6. Bd3 Nbd7 7. O-O e5 8. fxe5 dxe5 {LiveBook: 4 Partien. B09: Pirc-Ufimzew-Verteidigung (Dreibauernangriff)} 9. d5 (9. dxe5 Nxe5 10. Nxe5 Qd4+ 11. Kh1 Qxe5 12. Bf4 Qc5 13. Qf3 c6 14. e5 Ng4 15. Ne4 Qe7 16. Rae1 Nxe5 17. Qg3 Nxd3 18. cxd3 {1-0 (30) Saydaliev,S (2380)-Karshiev,S (2217) Tashkent 2017}) 9... Ne8 10. Be3 Nd6 {Die Stellung ist ausgeglichen.} 11. Qd2 a6 $146 ({Vorgänger:} 11... Qe7 12. Nb5 Nxb5 13. Bxb5 a6 14. Bc4 Nf6 15. Qd3 Nd7 16. Kh1 {1-0 (27) Palm,W-Pekrul,E ICCF corr 1990}) 12. a4 Qe7 13. Rae1 b6 14. g4 Nf6 15. h3 $1 $36 {[%cal Bh2h3,Bh3h4,Bh4h5][%mdl 2080] Weiss hat Initiative.} h5 16. gxh5 (16. Bg5 $14) 16... Nxh5 $11 17. Qg2 Nf4 (17... Bd7 $11) 18. Bxf4 $1 $16 exf4 19. h4 {[#]} Bh6 $2 (19... b5 $1 $16 {[%mdl 512] war nötig.}) 20. h5 $1 $18 g5 21. Nd4 (21. e5 $18 Nf5 {[#]} 22. d6 $1 {[%mdl 512]} cxd6 23. Bxf5 Bxf5 24. Nd5) 21... Kh8 $2 ({Besser ist} 21... f6 $1 $14) 22. e5 Nc4 $2 (22... Bd7 23. exd6 Qxd6) 23. d6 ({Weniger gut wäre} 23. Bxc4 Qb4 $18) 23... cxd6 24. Bxc4 dxe5 {beabsichtigt ...Dc5.} 25. Qxa8 Qc7 (25... Qd7 $142 26. Qd5 exd4 27. Qxd7 Bxd7) 26. Qc6 Qe7 27. Qa8 $2 {[%mdl 32768] Precision: Weiß = 54%, Schwarz = 22%. . Loss on Time!?} (27. Qxh6+ {setzt Matt} Kg8 28. Nd5 Qd8 29. Rxe5 a5 30. Nc6 Bh3 31. Nde7+ Qxe7 32. Nxe7#) 1-0

[Event "19th Lviv Tradition 2018"]
[Site "Lviv"]
[Date "2018.01.23"]
[Round "4"]
[White "Moliboga, V.."]
[Black "Kryvoruchko, Vita"]
[Result "1-0"]
[WhiteElo "2310"]
[BlackElo "2192"]
[Annotator "TA"]
[PlyCount "93"]
[EventDate "2018.??.??"]
[EventType "tourn"]
[EventCountry "UKR"]
[SourceTitle "playchess.com"]
[Source "ChessBase"]
[SourceQuality "1"]

{[%evp 11,93,33,44,43,94,39,35,34,41,39,71,31,68,13,27,26,28,28,28,25,88,95,80,56,79,81,73,32,76,71,206,87,80,73,78,75,186,88,226,232,282,286,256,272,262,264,252,260,321,321,321,254,265,229,384,387,381,384,384,380,389,374,361,379,369,322,305,300,291,241,706,679,849,823,12837,12838,12840,12839,12841,12842,12842,12843,12843,12843]} 1. d4 Nf6 2. Bf4 d5 3. e3 e6 4. Nf3 c5 5. c3 Qb6 6. Qb3 c4 7. Qc2 {D02: 1 d4 d5 2 Nf3 sidelines, including 2...Nf6 3 g3 and 2...Nf6 3 Bf4} Nh5 (7... Bd6 $14) (7... Bd6 8. Bg3 Ne4 9. Nbd2 f5 10. b3 cxb3 11. axb3 O-O 12. Bd3 Bd7 13. Bxd6 Qxd6 14. Ne5 Nc6 {½-½ (50) Hillarp Persson,T (2511)-Grunberg,M (2389) Stockholm 2017}) 8. Be5 ({White should try} 8. Bxb8 $1 $16 Rxb8 9. b3) 8... Nc6 $14 9. b3 $146 {White is slightly better.} ({Predecessor:} 9. Nbd2 f6 10. Bg3 g6 11. b3 cxb3 12. axb3 e5 13. dxe5 Nxg3 14. hxg3 fxe5 {1-0 (26) Huelsmann,J (2259)-Waldschmidt,G (2205) Germany 2007}) 9... cxb3 10. axb3 Bd7 11. Nbd2 Rc8 12. Qb2 (12. h3 $14) 12... f6 13. Bg3 $1 Nxg3 14. hxg3 Bd6 15. e4 Na5 (15... a5 $11 {remains equal.}) 16. b4 $36 {[%mdl 2048] Strongly threatening exd5. White is in control.} Nc6 17. Be2 O-O 18. O-O a6 19. Rfb1 Bb8 20. Qb3 Rce8 (20... Ne7 $16) 21. Bd3 (21. exd5 $18 {and White stays clearly on top.} Nd8 22. dxe6 Bxe6 23. Qc2) 21... Ne7 22. c4 {[%cal Re4d5]} dxc4 23. Nxc4 Qa7 {[#]} (23... Qd8 $16) 24. Ne3 (24. b5 $1 $18 {[%mdl 512] has better winning chances.}) 24... Kh8 (24... Qb6 $16) 25. b5 $18 e5 26. bxa6 bxa6 27. Rxa6 Qc7 28. dxe5 fxe5 29. Rb6 h6 30. Rb7 Qc8 31. Ba6 {[%cal Bd3a6,Ba6c4,Bc4d5][%mdl 32] Threatens to win with Qd3.} Qc6 32. Bc4 Bc7 $2 (32... Rd8 {was called for.} 33. Qb2 Qf6 34. Rxd7 Rxd7) 33. Bd5 Qc5 34. Qc4 Qxc4 35. Nxc4 ({Less strong is} 35. Bxc4 Rc8 $18) 35... Nxd5 36. exd5 Bf5 37. Re1 e4 38. Rxc7 exf3 39. Rxe8 Rxe8 40. gxf3 {[%mdl 4096] Endgame KRB-KRN} Re1+ $2 (40... Kh7 41. Ne3 Bd3) 41. Kg2 {White is clearly winning.} Rc1 42. d6 Be6 43. Ne3 Rxc7 44. dxc7 Kg8 {[#]} 45. Nc4 $1 {[%mdl 512]} Kf8 (45... Bxc4 46. c8=Q+) 46. Nb6 Ke7 47. c8=Q {Precision: White = 53%, Black = 25%.} 1-0

[Event "19th Lviv Tradition 2018"]
[Site "Lviv"]
[Date "2018.01.24"]
[Round "4"]
[White "Bets, Anatolij"]
[Black "Molchanov, Oleksii"]
[Result "0-1"]
[WhiteElo "2266"]
[BlackElo "2329"]
[Annotator "TA"]
[PlyCount "54"]
[EventDate "2018.??.??"]
[EventType "tourn"]
[EventCountry "UKR"]
[SourceTitle "playchess.com"]
[Source "ChessBase"]
[SourceQuality "1"]

{[%evp 14,54,9,29,28,-137,-118,-136,-116,-115,-126,-142,-141,-147,-147,-136,-140,-151,-126,-130,-131,-139,-115,-203,-183,-208,-177,-206,-206,-195,-172,-305,-334,-315,-289,-641,-369,-621,-641,-607,-597,-911,-899]} 1. e4 e5 2. Nf3 Nc6 3. Bc4 Bc5 4. d3 Nf6 5. Bg5 {[%cal Bc1g5,Bg5h4,Bh4g3][%mdl 32]} h6 6. Bh4 d6 7. O-O g5 {C50: Hungarian Defence and Giuoco Pianissimo} (7... Bg4 8. c3 O-O 9. b4 Bb6 10. Nbd2 g5 11. Bg3 Nh5 12. Kh1 Ng7 13. Bd5 Rb8 14. a4 a5 15. b5 {1-0 (50) Lou,Y (2458)-Mannion,S (2313) Douglas 2016}) 8. Bg3 {LiveBook: 3 Games} h5 {[%cal Bh6h5,Bh5h4][%mdl 32]} 9. Nxg5 $2 ({White should try} 9. h4 $11) 9... h4 $1 $17 {[%cal Rh4g3] Black is clearly better.} 10. Nxf7 Qe7 $1 11. Nxh8 hxg3 12. Bf7+ ({Much weaker is} 12. hxg3 $6 Qh7 $11) 12... Kd8 13. hxg3 {Strongly threatening Bd5.} Qf8 14. Ng6 $146 ({Find the theoretical novelty and annotate with similar games:} 14. Nd2 Bg4 15. Nf3 Qxh8 16. a3 Ke7 17. Bc4 Bxf3 18. Qxf3 Nd4 19. Qd1 Qh6 20. b4 Rh8 {0-1 (20) Shook,R-McDonald,P WCCF email 2003}) 14... Qxf7 15. Nh4 Bg4 $1 {[%cal Rg4d1]} 16. Qd2 Kd7 $36 {[%mdl 2048] Threatens to win with ...Nh5. Black is on the roll.} 17. Nc3 a6 18. Nd1 {[#]} (18. Rab1 $17) 18... Bxd1 $1 $19 19. Qxd1 {[#]} Rg8 $1 20. c3 Rxg3 $1 21. d4 Rg4 22. Nf5 (22. dxc5 {only move.} Rxh4 23. Qf3) 22... exd4 23. cxd4 Qg6 24. dxc5 $2 (24. Qf3 Nxd4 25. Nxd4 Bxd4 26. Rad1 Rxe4 27. Qh3+ Qg4 28. Qxg4+ Nxg4 29. b3) 24... Rxg2+ 25. Kh1 Rg4 {( -> ...Qh7+). Black is clearly winning.} 26. Ng3 Nh5 27. Qf3 {Black must now prevent Qf5+.} Nd4 {Precision: White = 27%, Black = 100%.} 0-1

[Event "19th Lviv Tradition 2018"]
[Site "Lviv"]
[Date "2018.01.24"]
[Round "4"]
[White "Sevostianov, Pavel"]
[Black "Medvedyk, Volodymyr"]
[Result "1-0"]
[WhiteElo "2266"]
[BlackElo "2116"]
[Annotator "TA"]
[PlyCount "121"]
[EventDate "2018.??.??"]
[EventType "tourn"]
[EventCountry "UKR"]
[SourceTitle "playchess.com"]
[Source "ChessBase"]
[SourceQuality "1"]

{[%evp 10,121,7,0,11,6,8,6,0,6,5,8,94,32,40,34,34,31,37,41,33,19,49,24,51,52,85,82,86,-6,0,0,-10,-7,-8,-6,16,0,0,0,0,-6,0,0,0,0,13,12,15,15,15,16,26,21,77,75,143,87,219,187,229,215,219,227,210,201,225,74,324,318,484,500,464,479,440,454,605,589,765,634,918,839,1048,1040,972,898,860,858,983,947,943,921,857,766,890,718,925,912,905,887,871,838,29988,29989,29987,29982,29985,29982,29987,29988,29988,29988,29988,29989]} 1. d4 Nf6 2. c4 e6 3. Nc3 d5 4. cxd5 exd5 5. Bf4 Bd6 6. Bg3 Bf5 {D35: Queen's Gambit Declined: Exchange Variation} 7. e3 O-O 8. Bd3 (8. Nge2 Nc6 9. Bxd6 Qxd6 10. Ng3 Bg6 11. Bd3 a6 12. O-O Nb4 13. Bf5 c5 14. dxc5 Qxc5 15. Rc1 Qa5 16. Bxg6 hxg6 17. a3 Nc6 18. Nge2 Qb6 19. Na4 Qa7 20. Nd4 {½-½ (20) Belous,V (2554)-Grachev,B (2685) Moscow 2012}) 8... Bxd3 {The position is equal.} 9. Qxd3 Re8 10. Nge2 Ne4 $146 (10... Na6 $11) ({Predecessor:} 10... Bxg3 11. hxg3 c6 12. f3 Nbd7 13. Kf2 Nf8 14. Nf4 {1-0 (32) Nielsen,B (2035)-Henningsen,L (1756) Helsingor 2012}) 11. Nxe4 (11. Bxd6 $16 {Hoping for Bg3.} Qxd6 12. Nxe4 dxe4 13. Qb3) 11... dxe4 $14 12. Qb3 Bxg3 13. fxg3 Nd7 14. O-O Nf6 15. Nc3 Re6 16. Rf4 c5 17. dxc5 Qd3 18. Re1 b6 19. Nb5 (19. Nxe4 $16 Qxb3 20. Nxf6+ Rxf6 21. axb3) 19... Qxb3 $11 20. axb3 {aiming for Nc7.} Re5 21. Nc3 bxc5 22. Ra1 Re7 23. g4 h6 24. h4 Re5 25. Kf2 Rb8 26. Rxa7 Rxb3 27. Ra2 Rb4 28. Kg3 Kh7 29. Rf5 Rxf5 30. gxf5 {[%mdl 4096] Endgame KRN-KRN} g5 31. fxg6+ fxg6 {[#]} (31... Kxg6 $11 {keeps the balance.} 32. Kf4 Rb6) 32. Kf4 $1 $16 Kg7 ({Black should play} 32... Rb7) 33. g4 ({Better is} 33. Ra7+ Kf8 34. Ra6 g5+ 35. hxg5 hxg5+ 36. Kxg5) 33... Kf7 (33... Rb3 $16) 34. Ra7+ $18 Kf8 {[#]} 35. Ra6 $1 {[%cal Ra6f6]} Ng8 36. Rxg6 Rxb2 37. Nxe4 c4 38. Rc6 $2 (38. h5 $18 {has better winning chances.}) 38... Rb4 $2 (38... Ne7 $16 39. Rxh6 Nd5+ 40. Ke5 Nxe3) 39. Rc8+ Kg7 (39... Kf7 {keeps fighting.} 40. Nd6+ Ke6 41. Rxc4 (41. Rxg8 Kxd6 42. Ke4 c3+ 43. Kd3 Rc4 $16) 41... Rxc4+ 42. Nxc4 Nf6) 40. Rc7+ Kf8 41. Nc3 Nf6 {and the idea ...Rb3 leaves Black hopeful.} 42. Rc6 Ng8 43. Nd5 Ra4 44. e4 Kf7 45. Ke5 Kg7 46. Rc7+ Kf8 47. Kf5 Ra5 48. Kf4 Ra4 49. h5 Ke8 50. Ke5 Kf8 51. Kf5 Ke8 52. e5 Ra5 53. Nf6+ Kd8 54. Rxc4 Ne7+ 55. Ke6 Nc6 56. Rxc6 {White mates.} Rc5 57. Rd6+ Kc8 58. Ng8 Rc7 59. Ne7+ Kb8 60. Rd8+ Ka7 61. Rd7 {Precision: White = 66%, Black = 40%.} 1-0

[Event "19th Lviv Tradition 2018"]
[Site "Lviv"]
[Date "2018.01.24"]
[Round "4"]
[White "Kagramanianz, Vartan"]
[Black "Kyrychenko, Maryan"]
[Result "1/2-1/2"]
[WhiteElo "2247"]
[BlackElo "2254"]
[Annotator "TA"]
[PlyCount "55"]
[EventDate "2018.??.??"]
[EventType "tourn"]
[EventCountry "UKR"]
[SourceTitle "playchess.com"]
[Source "ChessBase"]
[SourceQuality "1"]

{[%evp 9,55,0,27,30,15,20,28,-5,-2,-33,-6,-9,-14,-11,7,13,6,13,25,9,7,0,12,14,2,-33,-33,-41,-41,-41,-40,-41,-33,-62,-41,-62,-41,-62,-41,-62,-41,-43,0,-56,0,-56,0,-56]} 1. d4 d5 2. Nf3 Nf6 3. c3 Bf5 4. Bf4 e6 5. e3 c5 (5... Be7 6. Nbd2 h6 7. Ne5 Nbd7 8. g4 Bh7 9. h4 Ne4 10. Nxd7 Qxd7 11. Nxe4 Bxe4 12. f3 Bh7 13. Bd3 Bxd3 14. Qxd3 {½-½ (40) Solak,D (2581)-Kovacevic,A (2604) Nova Gorica 2011}) 6. Bxb8 {D02: 1 d4 d5 2 Nf3 sidelines, including 2...Nf6 3 g3 and 2...Nf6 3 Bf4} Qxb8 7. Bb5+ Kd8 8. Ne5 {White has an edge.} Qc7 9. Bd3 Bxd3 10. Qxd3 Bd6 11. f4 $146 ({Predecessor:} 11. Nf3 Ke7 12. Nbd2 cxd4 13. exd4 {½-½ (32) Dobos,S (2010)-Igler,S (1901) Hungary 2010}) 11... Ne4 12. Nd2 Nxd2 13. Qxd2 f5 (13... Ke7 {with more complications.} 14. O-O Rhd8 15. Qc2 g6 16. g4 Rh8) 14. O-O Bxe5 15. fxe5 c4 16. b3 {[%cal Bb2b3,Bb3b4][%mdl 32]} Rc8 17. b4 Qe7 18. Qe2 h5 {[%cal Bh7h5,Bh5h4][%mdl 32]} 19. a4 {[%cal Ba2a4,Ba4a5,Ba5a6][%mdl 32]} Kc7 20. a5 g5 21. a6 b6 22. Rf2 Rcf8 23. Raf1 h4 24. Qd2 Rd8 25. Qe2 Rdf8 26. Qd2 Rd8 27. Qe2 Rdf8 28. Qd2 {Precision: White = 50%, Black = 32%.} 1/2-1/2